书目信息 |
| 题名: |
人类找北史
|
|
| 作者: | 布雷 著 ;张若剑 , 王力军 , 党霄羽 译 | |
| 分册: | ||
| 出版信息: | 北京 电子工业出版社 2018 |
|
| 页数: | xvii, 313页 | |
| 开本: | 23cm | |
| 丛书名: | ||
| 单 册: | ||
| 中图分类: | TN967.1-49 , P228.4-49 | |
| 科图分类: | ||
| 主题词: | 卫星导航--wei xing dao hang--全球定位系统--通俗读物 | |
| 电子资源: | ||
| ISBN: | 978-7-121-32640-0 | |
| 000 | 01919nam0 2200337 450 | |
| 001 | 012001001491 | |
| 005 | 20131108114133.0 | |
| 010 | @a978-7-121-32640-0@dCNY68.00 | |
| 099 | @aCAL 012018015763 | |
| 100 | @a20171219d2018 em y0chiy50 ea | |
| 101 | 1 | @achi@ceng |
| 102 | @aCN@b110000 | |
| 105 | @ay z 000yy | |
| 106 | @ar | |
| 200 | 1 | @a人类找北史@Aren lei zhao bei shi@e从罗盘到GPS, 导航定位的过去与未来@f(美) 海华沙·布雷著@d= You are here@efrom the compass to GPS, the history and future of how we find ourselves@fHiawatha Bray@g张若剑, 王力军, 党霄羽译@zeng |
| 210 | @a北京@c电子工业出版社@d2018 | |
| 215 | @axvii, 313页@d23cm | |
| 306 | @a本书中文简体版授权予电子工业出版社独家出版发行 | |
| 314 | @a海华沙·布雷, 1995年加入《波士顿环球报》, 曾担任多家报刊杂志供稿人。被《电脑营销》杂志评选为美国十大最具影响力的科技记者之一。 | |
| 330 | @a本书通过一个个精彩的故事向读者展示了关于定位的历史。今天, 你只消拿出轻便的手机, 就能轻松找到几乎所有目的地, 但你不知道的是, 仅在短短二十年前, 美国的公路上遭遇车祸的幸存者可能因无法被搜救小组找到而丧命。在这本书中, 我们会看到那些惊才绝艳的人们, 他们不仅发明了最精准的定位工具, 还把当时军事上最先进的绝密武器应用到日常生活中, 在无路可走的地方发现了商机。如今, 我们拥有了准确的地图、完美的导航系统和定位技术, 这都要归功于这段不为人知而又惊心动魄的手机定位史。 | |
| 500 | 10 | @aYou are here : from the compass to GPS, the history and future of how we find ourselves@mChinese |
| 517 | 1 | @a从罗盘到GPS, 导航定位的过去与未来@Acong luo pan dao GPS, dao hang ding wei de guo qu yu wei lai |
| 606 | 0 | @a卫星导航@Awei xing dao hang@x全球定位系统@j通俗读物 |
| 690 | @aTN967.1-49@v5 | |
| 690 | @aP228.4-49@v5 | |
| 701 | 1 | @a布雷@Abu lei@g(Bray, Hiawatha)@4著 |
| 702 | 0 | @a张若剑@Azhang ruo jian@4译 |
| 702 | 0 | @a王力军@Awang li jun@4译 |
| 702 | 0 | @a党霄羽@Adang xiao yu@4译 |
| 801 | 0 | @aCN@b北京卓展@c20191020 |
| 905 | @b1198418-20@dTN967.1-49@e35@f3 | |
| 人类找北史:从罗盘到GPS, 导航定位的过去与未来/(美) 海华沙·布雷著= You are here:from the compass to GPS, the history and future of how we find ourselves/Hiawatha Bray/张若剑, 王力军, 党霄羽译.-北京:电子工业出版社,2018 |
| xvii, 313页;23cm |
| ISBN 978-7-121-32640-0:CNY68.00 |
| 本书通过一个个精彩的故事向读者展示了关于定位的历史。今天, 你只消拿出轻便的手机, 就能轻松找到几乎所有目的地, 但你不知道的是, 仅在短短二十年前, 美国的公路上遭遇车祸的幸存者可能因无法被搜救小组找到而丧命。在这本书中, 我们会看到那些惊才绝艳的人们, 他们不仅发明了最精准的定位工具, 还把当时军事上最先进的绝密武器应用到日常生活中, 在无路可走的地方发现了商机。如今, 我们拥有了准确的地图、完美的导航系统和定位技术, 这都要归功于这段不为人知而又惊心动魄的手机定位史。 |
| ● |
| 相关链接 |
|
|
|
|
正题名:人类找北史
索取号:TN967.1-49/35
 
预约/预借
| 序号 | 登录号 | 条形码 | 馆藏地/架位号 | 状态 | 备注 |
| 1 | 1198418 | 211984183 | 第二样本阅览室/ [索取号:TN967.1-49/35] | 在馆 | |
| 2 | 1198419 | 211984192 | 第三借阅区/ [索取号:TN967.1-49/35] | 在馆 | |
| 3 | 1198420 | 211984209 | 第三借阅区/ [索取号:TN967.1-49/35] | 在馆 |